000 00596nam a2200229Ia 4500
003 OSt
005 20221006164215.0
006 a|||||r|||| 00| 0
007 ta
008 221006b |||||||| |||| 00| 0 hin d
024 _a5,024
037 _cTextual
040 _aFML
_cFML
_bhin
041 _2hin
_ahin
082 _aNS445, J, P6
100 _aTeerathram Au.
_9676853
245 0 _aKathak Gyaneshwari
260 _aDelhi
_bNateshwar Kaala Mandir India
_c2008
300 _a622
_ccm.
942 _hNS445, J, P6
_cTEXL
_2CC
999 _c1116520
_d1116520